[Event "ROM-ch U10 Girls"]
[Site "Baile Felix"]
[Date "2017.02.02"]
[Round "1"]
[White "Boureanu, Bianca Alina"]
[Black "Sinai, Flavia"]
[Result "1-0"]
[WhiteElo "1080"]
[BlackElo "1001"]
[PlyCount "31"]
[EventDate "2017.02.02"]
[EventType "swiss"]
[EventRounds "9"]
[EventCountry "ROU"]
[SourceTitle "CBM 176 Extra"]
[Source "ChessBase"]
[SourceDate "2017.03.02"]
[SourceVersion "1"]
[SourceVersionDate "2017.03.02"]
[SourceQuality "1"]

1. e4 e5 2. Nf3 Bc5 3. Nxe5 Nf6 4. Nc3 d6 5. Nf3 0-0 6. d4 Bg4 7. dxc5 Nc6 8. cxd6 Qxd6 9. Be2 Na5 10. b4 Nxe4 11. Nxe4 b5 12. bxa5 Rab8 13. Nxd6 cxd6 14. Bb2 Rfd8 15. Qd4 Bxf3 16. Qxg7# 1-0